Saint Motel - To My Enemies Lyrics - Statistics

General Stats
  • This quiz has been taken 3 times
  • The average score is 155 of 302
Answer Stats
Answer % Correct
enemies
100%
I
100%
(I
100%
my
100%
run
100%
to
100%
To
100%
You
100%
you
100%
you)
100%
(You
100%
alive
50%
alright
50%
and
50%
as
50%
Back
50%
back
50%
best
50%
blood
50%
Blood
50%
blue
50%
but
50%
can
50%
cannot
50%
can't
50%
cares
50%
cheap
50%
cheek
50%
days
50%
(Did
50%
Did
50%
each
50%
fears
50%
feel
50%
felt
50%
God
50%
hate
50%
hide)
50%
if
50%
is
50%
It
50%
it's
50%
It's
50%
keep
50%
know
50%
lives
50%
made
50%
miss
50%
never
50%
no
50%
of
50%
Oh
50%
oh
50%
one
50%
other's
50%
our
50%
out
50%
pain
50%
really
50%
right
50%
same
50%
so
50%
So
50%
still
50%
talk
50%
talking
50%
tears
50%
than
50%
that
50%
that)
50%
the
50%
Those
50%
turn
50%
us
50%
We
50%
were
50%
When
50%
when
50%
will
50%
with
50%
wrong
50%
your
50%
ago
0%
all
0%
am
0%
bleeds
0%
comin'
0%
coming
0%
cry
0%
dog
0%
find
0%
I'll
0%
I'm
0%
into
0%
learned
0%
life
0%
long
0%
more
0%
not
0%
off
0%
ran
0%
rest
0%
slit
0%
sweat
0%
throat
0%
'til
0%
took
0%
wanted
0%
wasn't
0%
way
0%
No matching quizzes found
Score Distribution
Percent of People with Each Score
Percentile by Number Answered
Your Score History
You have not taken this quiz